Нормален изглед
MARC изглед
- Дойнов, Огнян Наков
Вход 01. Лично име
001 - Контролен номер на записа
- Контролно поле: 272162
003 - Код на организацията, даваща контролен номер
- Контролно поле: BLK
005 - Дата и час на последна промяна на записа
- Контролно поле: 20180420220534.0
008 - Данни с фиксирана дължина – обща информация
- Данни с фиксирана дължина : 180420|| aca||aabn | a|a d
100 ## - ИМЕ НА ЛИЦЕ -ПЪРВИЧНА ИНТЕЛЕКТУАЛНА ОТГОВОРНОСТ
- Лично име: Дойнов, Огнян Наков
942 ## - Системна служебна употреба
- Koha auth type: PERSO_NAME